[Event "ch-BUL U20"]
[Site "Sofia BUL"]
[Date "2010.03.11"]
[Round "5"]
[White "Dimitrov,R"]
[Black "Ivanov,StojanL"]
[Result "1/2-1/2"]
[WhiteElo "2386"]
[BlackElo "2197"]

1.d4 d5 2.c4 c6 3.Nc3 Nf6 4.Nf3 dxc4 5.a4 Bf5 6.e3 e6 7.Bxc4 Bb4 8.O-O Nbd7
9.Nh4 Bg4 10.f3 Bh5 11.g4 Bg6 12.e4 O-O 13.g5 Ne8 14.Nxg6 hxg6 15.Be3 e5
16.f4 exd4 17.Bxd4 Nd6 18.Qb3 Bxc3 19.Qxc3 Nxe4 20.Qc2 Nb6 21.Bxf7+ Rxf7
22.Qxe4 Qd5 23.Qe5 Rd8 24.Rad1 Qxe5 25.Bxe5 Rxd1 26.Rxd1 Nd5 27.Rd4 Kf8 28.Kf2 Ke7
29.Kf3 Ke6 30.Ke4 Rf8 31.Rd2 Rd8 32.Re2 Rd7 33.h4 Ne7 34.h5 Nf5 35.Kf3 Rd3+
36.Kf2 Kf7 37.hxg6+ Kxg6 38.Ke1 Re3 39.Rxe3 Nxe3 40.Ke2 Nd5 41.Kd3 Kf5 42.Bxg7 Nxf4+
43.Kc4 Kxg5 44.Bd4 Kf5 45.Bxa7 Ke6 46.Bd4 Kd7 47.b4 Ne6 48.Be5 Kc8 49.a5 Nf8
50.Bd6 Nd7 51.Kd4 Nf6 52.Ke5 Nd5 53.b5 Nc3 54.b6 Nd5 55.Kd4 Nf6 56.Be5 Nd7
57.Bg7 Nb8 58.Kc4 Na6 59.Kd4 Kd7 60.Ke5 Nb4 61.Bf8 Na6 62.Bd6 Kd8 63.Ke6 Kc8
64.Ke7 Nb8 65.Bxb8 Kxb8 66.Kd6 Kc8 67.Ke5 Kd7 68.Kd4 Kc8 69.Kc5 Kd7 70.Kc4 Kc8
71.Kb4 Kd8 72.a6 bxa6 73.Ka5 Kc8 74.Kxa6 Kb8 75.b7 c5 76.Kb5 Kxb7 77.Kxc5  1/2-1/2

[Event "FSGM March"]
[Site "Budapest HUN"]
[Date "2010.03.12"]
[Round "7"]
[White "Czebe,A"]
[Black "Varga,Zo"]
[Result "1/2-1/2"]
[WhiteElo "2479"]
[BlackElo "2483"]

1.d4 d5 2.c4 c6 3.Nc3 Nf6 4.Nf3 dxc4 5.a4 Bf5 6.Ne5 e6 7.f3 c5 8.e4 Bg6 9.Bxc4 cxd4
10.Bb5+ Nfd7 11.Qxd4 a6 12.Bxd7+ Nxd7 13.Nxd7 Qxd7 14.Qxd7+ Kxd7 15.a5 Bd6
16.Na4 Rad8 17.Be3 Ke7 18.Nb6 e5 19.Kf2 Ke6 20.Rhd1 f5 21.exf5+ Bxf5 22.Rac1  1/2-1/2

[Event "ch-BUL U20 Girls"]
[Site "Sofia BUL"]
[Date "2010.03.12"]
[Round "6"]
[White "Sirkova,D"]
[Black "Galunova,T"]
[Result "1/2-1/2"]
[WhiteElo "2084"]
[BlackElo "1984"]

1.d4 d5 2.c4 c6 3.Nc3 Nf6 4.Nf3 dxc4 5.a4 Bf5 6.Ne5 Na6 7.f3 Nd7 8.Nxc4 e5
9.e4 exd4 10.exf5 dxc3 11.Qe2+ Be7 12.Nd6+ Kf8 13.Bf4 Qa5 14.Kd1 Qd5+ 15.Qd3 Nb4
16.Qxd5 Nxd5 17.Bg3 cxb2 18.Rb1 Nc3+ 19.Kc2 Nxb1 20.Kxb1 Nb6 21.a5 Rd8 22.Nxb7 Rd1+
23.Kxb2 Nc4+ 24.Bxc4 Rxh1 25.Bb8 Bf6+ 26.Kc2 Bd4 27.Nd8 Ke8 28.Nxc6 Kd7 29.Bb5 Rc8
30.Kd3 Rb1 31.Nxa7+ Rxb5 32.Nxb5 Rxb8 33.Nxd4 Rb2 34.Ne2 Ra2 35.g4 Rxa5 36.Ke3 Kd6
37.Nc3 f6 38.Kf4 Ra2 39.Nb5+ Kd7 40.Nd4 Ra4 41.Ke3 Ra3+ 42.Kf2 g6 43.h4 Rd3
44.fxg6 hxg6 45.Ne2 Rd2 46.Ke3 Ra2 47.g5 fxg5 48.hxg5 Ke6 49.f4 Ra3+ 50.Ke4 Ra4+
51.Kf3 Kf5 52.Ng3+ Ke6 53.Ne4 Ra1 54.Kg4 Rg1+ 55.Ng3 Kd5 56.Kf3 Ke6 57.Ne2 Rf1+
58.Ke4 Re1 59.Kf3 Ra1 60.Ke4 Kd6 61.Nc3 Re1+ 62.Kf3 Kc5 63.Ne4+ Kd4 64.Nf2 Ra1
65.Kg4 Ke3 66.f5 Rg1+ 67.Kh4 gxf5 68.Nh3 Rh1 69.g6 Ra1 70.Kg5 f4 71.g7 Ra8
72.Nxf4 Ke4 73.Ne6 Rg8 74.Kf6 Rxg7  1/2-1/2

[Event "Six Seasons GM"]
[Site "Dhaka BAN"]
[Date "2010.03.17"]
[Round "3"]
[White "Murshed,N"]
[Black "Rahman,SM"]
[Result "0-1"]
[WhiteElo "2413"]
[BlackElo "2294"]

1.d4 d5 2.c4 c6 3.Nc3 Nf6 4.Nf3 dxc4 5.a4 Bf5 6.e3 e6 7.Bxc4 Bb4 8.O-O O-O
9.Nh4 a5 10.f3 Nbd7 11.Nxf5 exf5 12.Bb3 Re8 13.Qc2 g6 14.Qf2 c5 15.Na2 Rc8
16.Nxb4 axb4 17.Bd2 c4 18.Bc2 b3 19.Bd1 Nb6 20.Be2 Qd7 21.Rfc1 Nxa4 22.Rxc4 Nxb2
23.Rb4 Qe6 24.Bc1 Rc2 25.Bxb2 Rxb2 26.Bc4 Rxf2 27.Bxe6 b2 28.Re1 Rc2 29.Ba2 Ra8
30.Bb1 Rd2 31.Rxb7 Nd5 32.Rb3 Ra1 33.g3 Kg7 34.h4 Kh6 35.Kf1 Nf6 36.Kg1 Nh5
37.g4 Ng3 38.Rb7 Kg7 39.Rb5 Ne2+ 40.Kf1 Nc1  0-1

[Event "TCh-NED 2009-10"]
[Site "Netherlands NED"]
[Date "2010.03.27"]
[Round "8"]
[White "Van der Stricht,G"]
[Black "Willemze,J"]
[Result "1/2-1/2"]
[WhiteElo "2393"]
[BlackElo "2393"]

1.d4 d5 2.c4 c6 3.Nf3 Nf6 4.Nc3 dxc4 5.a4 Bf5 6.Ne5 Nbd7 7.Nxc4 Qc7 8.g3 e5
9.dxe5 Nxe5 10.Bf4 Nfd7 11.Bg2 g5 12.Nxe5 gxf4 13.Nxd7 O-O-O 14.Qd4 Qxd7
15.Qxf4 Bd6 16.Qc1 Bh3 17.O-O h5 18.Rd1 Bxg2 19.Kxg2 h4 20.Ne4 hxg3 21.Nxd6+ Kb8
22.hxg3 Qh3+ 23.Kf3 Qh5+ 24.Kg2 Qh3+ 25.Kf3 Qh5+ 26.Kg2  1/2-1/2

[Event "TCh-AUT 2009-10"]
[Site "Baden AUT"]
[Date "2010.03.28"]
[Round "9"]
[White "Ruck,R1"]
[Black "Kreisl,R"]
[Result "1/2-1/2"]
[WhiteElo "2556"]
[BlackElo "2380"]

1.Nf3 d5 2.d4 Nf6 3.c4 c6 4.Nc3 dxc4 5.a4 Bf5 6.Ne5 Nbd7 7.Nxc4 Qc7 8.g3 e5
9.dxe5 Nxe5 10.Bf4 Nfd7 11.Bg2 g5 12.Nxe5 gxf4 13.Nxd7 O-O-O 14.Qd4 Qxd7
15.Qxf4 Bd6 16.Qh6 Kb8 17.O-O-O Qe7 18.Rd2 Be5 19.Rhd1 Rxd2 20.Qxd2 Re8 21.e4 Be6
22.f4 Bc7 23.Qd4 Bb3 24.Rd3 Bb6 25.Qd6+ Qxd6 26.Rxd6 Bg1 27.Ne2 Bxh2 28.g4 Be6
29.Bf3 Bc4 30.Kd2 Bxe2 31.Kxe2 Bxf4 32.Rf6 Be5 33.Rxf7 h6 34.b3 a5 35.Ke3 Ka7
36.Be2 Kb6 37.Bc4 Bd6 38.Rd7 Be5 39.Rh7 Rf8 40.Be6 Bf4+ 41.Kf3 Bg5+ 42.Bf5 Re8
43.Rf7 Re7 44.Rxe7 Bxe7 45.e5 Kc7 46.Ke4 Bc5 47.Be6 Kd8 48.Kf5 Ke7 49.Bc8 b5
50.Bb7 bxa4 51.bxa4 Bb4 52.Bxc6  1/2-1/2

[Event "Victor Ciocaltea Mem"]
[Site "Bucharest ROU"]
[Date "2010.03.28"]
[Round "6"]
[White "Shishkin,Va UKR"]
[Black "Murariu,A"]
[Result "1/2-1/2"]
[WhiteElo "2516"]
[BlackElo "2479"]

1.d4 d5 2.c4 c6 3.Nf3 Nf6 4.Nc3 dxc4 5.a4 Bf5 6.Ne5 Nbd7 7.Nxc4 Nb6 8.Ne5 a5
9.f3 Nfd7 10.Nxd7 Nxd7 11.e4 Bg6 12.Be2 e6 13.O-O Bb4 14.Be3 O-O 15.Qb3 Qb6
16.Rad1 Rad8 17.Bf2 Rfe8 18.d5 Qc7 19.dxe6 fxe6 20.Bg3 Qb6+ 21.Kh1 Bf7 22.Bc4 Nc5
23.Qc2 Rxd1 24.Rxd1 Rd8 25.Na2 Na6 26.Nxb4 Nxb4 27.Qb3 Rxd1+ 28.Qxd1 h6 29.h3 Qc5
30.Qd8+ Kh7 31.b3 Nc2 32.Qc7 Qh5 33.Qd7 Ne3 34.Bxe6 Bxe6 35.Qxe6 Qc5 36.Bf2 Qc1+
37.Kh2 Nf1+ 38.Kg1 Nd2+ 39.Kh2  1/2-1/2

[Event "14th Neckar-Open"]
[Site "Deizisau GER"]
[Date "2010.04.01"]
[Round "1"]
[White "Corrales Jimenez,F"]
[Black "Kranewitter,N"]
[Result "1-0"]
[WhiteElo "2585"]
[BlackElo "2112"]

1.d4 d5 2.c4 c6 3.Nc3 Nf6 4.Nf3 dxc4 5.a4 Bf5 6.Ne5 Nbd7 7.Nxc4 Nb6 8.Ne5 a5
9.g3 e6 10.Bg2 Bb4 11.O-O O-O 12.Na2 Bd6 13.Bf4 Nbd5 14.Qb3 Qc7 15.Nc3 Nxf4
16.gxf4 Nd5 17.e3 h6 18.Rac1 Qe7 19.Kh1 Nb4 20.Rg1 Bxe5 21.fxe5 Qh4 22.e4 Bg6
23.Rcf1 Rad8 24.Qd1 c5 25.d5 exd5 26.exd5 Bd3 27.f4 Bxf1 28.Qxf1 Qe7 29.Be4 Kh8
30.Qh3 f5 31.d6 Qf7 32.Bg2 c4 33.Bf1 Rfe8 34.Be2 Nd5 35.Bxc4 Nxf4 36.Bxf7 Nxh3
37.Bxe8 Nxg1 38.Kxg1 Rxe8 39.d7  1-0

[Event "Doeberl Cup"]
[Site "Canberra AUS"]
[Date "2010.04.02"]
[Round "4"]
[White "Steadman,M"]
[Black "Rout,I"]
[Result "1-0"]
[WhiteElo "2264"]
[BlackElo "1988"]

1.d4 d5 2.c4 c6 3.Nf3 Nf6 4.Nc3 dxc4 5.a4 Bf5 6.Nh4 Bc8 7.e3 e6 8.Bxc4 Bb4
9.Nf3 O-O 10.O-O Nbd7 11.Qc2 Qe7 12.Re1 e5 13.Bd2 Nb6 14.Nxe5 Ng4 15.Bd3 Nxe5
16.dxe5 Qxe5 17.Bxh7+ Kh8 18.Be4 Re8 19.Bf3 Bf5 20.e4 Bg6 21.Qb3 Bd6 22.g3 Qf6
23.Bg2 Rad8 24.Be3 Nd7 25.Qxb7 Bc5 26.Bxc5 Nxc5 27.Qxa7 Nd3 28.Re2 c5 29.Qa5 Bh5
30.Rd2 Bf3 31.Nd5 Rxd5 32.exd5 Ne1 33.Bf1 Bg4 34.Ra3 Nf3+ 35.Rxf3 Qxf3 36.Rd3 Qf5
37.Qd2 Qd7 38.b3 Re5 39.d6 Rf5 40.Rd5 Rf6 41.Bb5  1-0

[Event "14th Neckar-Open"]
[Site "Deizisau GER"]
[Date "2010.04.02"]
[Round "3"]
[White "Jorczik,J"]
[Black "Graf,A"]
[Result "0-1"]
[WhiteElo "2357"]
[BlackElo "2598"]

1.d4 d5 2.c4 c6 3.Nf3 Nf6 4.Nc3 dxc4 5.a4 Bf5 6.e3 e6 7.Bxc4 Bb4 8.O-O O-O
9.Nh4 Bg4 10.f3 Bh5 11.g4 Nd5 12.Ng2 Bg6 13.Ne2 c5 14.e4 Nb6 15.Bb3 Nc6 16.Be3 Qe7
17.dxc5 Rfd8 18.Qc2 Nd5 19.Bf2 Rac8 20.Rad1 Ne5 21.Nd4 Bxc5 22.Qe2 Nb4 23.Nf4 Qf6
24.Ndxe6 Bxf2+ 25.Rxf2 fxe6 26.Bxe6+ Bf7 27.Bxc8 Rxc8 28.Nd5 Nxd5 29.exd5 Ng6
30.Qe3 Nf4 31.Rfd2 Re8 32.Qb3 h5 33.Qc4 hxg4  0-1

[Event "22nd Kreuz-Open"]
[Site "Lenk SUI"]
[Date "2010.04.02"]
[Round "2"]
[White "Steenhuis,J"]
[Black "Lehmann,A"]
[Result "0-1"]
[WhiteElo "2096"]
[BlackElo "2321"]

1.d4 d5 2.c4 c6 3.Nc3 Nf6 4.Nf3 dxc4 5.a4 Bf5 6.Nh4 Bc8 7.Nf3 Bg4 8.Ne5 Bh5
9.Nxc4 Nbd7 10.f3 e6 11.e4 Bb4 12.Be2 Nb6 13.Qb3 a5 14.Be3 O-O 15.O-O Nfd7
16.Rfd1 Nxc4 17.Bxc4 Qc7 18.Ne2 e5 19.Rac1 exd4 20.Nxd4 Bd6 21.h3 Bc5 22.Nf5 Bxe3+
23.Qxe3 Ne5 24.Bb3 Rad8 25.g4 Bg6 26.f4 Bxf5 27.gxf5 Nd7 28.Rd3 b6 29.Bc2 Nc5
30.Rxd8 Rxd8 31.Kh1 Qd6 32.Rd1 Qf6 33.Rg1 Qd4 34.Qxd4 Rxd4 35.Rg2 Nxe4 36.Bxe4 Rxe4
37.Rc2 c5 38.Rd2 h6 39.Rd6 Rb4 40.Kg2 Rxb2+ 41.Kg3 Rb4 42.Rd8+ Kh7 43.Rf8 f6
44.Rb8 c4 45.Kf3 c3 46.Rc8 Rxa4 47.Rxc3 Rb4 48.Rc8 b5 49.Ke3 a4 50.Ra8 Rb3+
51.Kd4 a3  0-1

[Event "17th TCh-RUS Higher League"]
[Site "Dagomys RUS"]
[Date "2010.04.04"]
[Round "3"]
[White "Ovod,E"]
[Black "Pushin,V"]
[Result "1-0"]
[WhiteElo "2421"]
[BlackElo "2389"]

1.d4 d5 2.c4 c6 3.Nf3 Nf6 4.Nc3 dxc4 5.a4 Bf5 6.e3 e6 7.Bxc4 Bb4 8.Ne5 Nbd7
9.Nxd7 Nxd7 10.O-O O-O 11.e4 Bg6 12.f3 Qh4 13.g3 Qe7 14.Be3 e5 15.d5 Bc5
16.Qe2 Bd4 17.Nd1 Kh8 18.Nf2 Nb6 19.Bxd4 exd4 20.dxc6 bxc6 21.a5 Nd7 22.Rfd1 c5
23.b4 Rad8 24.f4 f6 25.Bd5 f5 26.e5 Nxe5 27.Bg2 Nc6 28.Qxe7 Nxe7 29.bxc5 Bh5
30.Rd2 Be8 31.Re1 Ng8 32.Re5 g6 33.Rd5 Rc8 34.R2xd4 Nf6 35.Re5 Nd7 36.Re7 Rxc5
37.a6 Rc1+ 38.Rd1 Rxd1+ 39.Nxd1 Nc5 40.Rxa7 Bb5 41.Bf1 Rd8 42.Bxb5 Rxd1+
43.Kf2 Ra1 44.Ke3 Ne6 45.Re7 Ra3+ 46.Kd2 Nd4 47.Bc4 Nc6 48.Rc7 Na5 49.Bd3 Nb3+
50.Ke3 h5 51.a7 Nc1 52.Rc8+  1-0

[Event "Final Four of College Chess"]
[Site "Brownsville USA"]
[Date "2010.04.11"]
[Round "3"]
[White "Zivanic,M"]
[Black "Kuljasevic,D"]
[Result "1/2-1/2"]
[WhiteElo "2490"]
[BlackElo "2552"]

1.d4 d5 2.c4 c6 3.Nf3 Nf6 4.Nc3 dxc4 5.a4 Bf5 6.Nh4 Bg4 7.h3 Bh5 8.g4 Bg6
9.e3 e6 10.Bxc4 Bb4 11.Nxg6 hxg6 12.Kf1 Nbd7 13.Kg2 Qa5 14.Na2 Bd6 15.Nc3 Bb4
16.Na2 Bd6 17.Nc3 Bb4  1/2-1/2

[Event "TCh-NED 2009-10"]
[Site "Netherlands NED"]
[Date "2010.04.18"]
[Round "9"]
[White "Ernst,S"]
[Black "Motwani,P"]
[Result "1-0"]
[WhiteElo "2589"]
[BlackElo "2497"]

1.d4 d5 2.c4 c6 3.Nf3 Nf6 4.Nc3 dxc4 5.a4 Bf5 6.Ne5 Nbd7 7.Nxc4 Qc7 8.g3 e5
9.dxe5 Nxe5 10.Bf4 Nfd7 11.Bg2 f6 12.O-O Nc5 13.Ne3 Bg6 14.b4 Ne6 15.b5 Rd8
16.Qb3 Nc5 17.Qa2 Bd6 18.Rac1 Bf7 19.Qb1 g6 20.Bxe5 Bxe5 21.bxc6 bxc6 22.Ng4 O-O
23.Qb4 Qb6 24.Qxb6 axb6 25.Nxe5 fxe5 26.Bxc6 Rc8 27.Bd5 Nb3 28.Bxb3 Bxb3
29.f3 Rf7 30.Ne4 Rxc1 31.Rxc1 Bxa4 32.Rc8+ Kg7 33.Kf2 Rd7 34.Ke3 Kf7 35.Rh8 Ke6
36.Rb8 Bc2 37.Rxb6+ Ke7 38.Rb5  1-0

[Event "ch-SRB"]
[Site "Kragujevac SRB"]
[Date "2010.04.19"]
[Round "2"]
[White "Tadic,Br"]
[Black "Bogosavljevic,B"]
[Result "1/2-1/2"]
[WhiteElo "2524"]
[BlackElo "2531"]

1.d4 d5 2.c4 c6 3.Nf3 Nf6 4.Nc3 dxc4 5.a4 Bf5 6.Ne5 Nbd7 7.Nxc4 Nb6 8.Ne5 a5
9.f3 Nfd7 10.e4 Bg6 11.Be3 e6 12.h4 f6 13.Nxg6 hxg6 14.Qb3 Qe7 15.g3 e5 16.dxe5 Qb4
17.Qe6+ Be7 18.exf6 gxf6 19.O-O-O Nc5 20.Bxc5 Qxc5 21.Kb1 Rd8 22.Rxd8+ Kxd8
23.Bh3 Kc7 24.Rc1 Nc4 25.Rc2 Rd8 26.Ka2 Qb4 27.Qf7 Rd3 28.Bf1 Rxc3 29.bxc3 Qxa4+
30.Kb1 Na3+ 31.Ka1 Nxc2+ 32.Kb2 Kd8 33.Qg8+ Kd7 34.Bh3+ f5 35.exf5 Ba3+ 36.Kb1 Ne3
37.Qe6+ Kc7 38.Qe5+ Kd8 39.Qb8+ Ke7 40.Qe5+ Kd8 41.Qb8+ Ke7 42.Qe5+  1/2-1/2

[Event "ch-SRB"]
[Site "Kragujevac SRB"]
[Date "2010.04.22"]
[Round "5"]
[White "Tadic,Br"]
[Black "Pikula,D"]
[Result "1/2-1/2"]
[WhiteElo "2524"]
[BlackElo "2535"]

1.d4 d5 2.c4 c6 3.Nf3 Nf6 4.Nc3 dxc4 5.a4 Bf5 6.e3 e6 7.Bxc4 Bb4 8.O-O O-O
9.Qe2 Nbd7 10.e4 Bg4 11.Rd1 h6 12.e5 Nd5 13.Nxd5 cxd5 14.Bd3 Re8 15.Qe3 Nf8
16.h3 Bh5  1/2-1/2

[Event "Venka & Antonia Ivanova Mem"]
[Site "Sofia BUL"]
[Date "2010.04.23"]
[Round "5"]
[White "Raeva,E"]
[Black "Ivanov,Bor BUL"]
[Result "1/2-1/2"]
[WhiteElo "2238"]
[BlackElo "2156"]

1.d4 d5 2.c4 c6 3.Nc3 Nf6 4.Nf3 dxc4 5.a4 Bf5 6.e3 e6 7.Bxc4 Bb4 8.O-O Nbd7
9.Qe2 Bg6 10.Bd3 Bxd3 11.Qxd3 O-O 12.Rd1 Qa5 13.Bd2 e5 14.Qc4 exd4 15.Nxd4 Ne5
16.Qe2 Rad8 17.Be1 Qc5 18.Rac1 Qe7 19.e4 Ng6 20.Nf5 Qe5 21.f3 Qc5+ 22.Kh1 Rxd1
23.Qxd1 Rd8 24.Qb3 Qb6 25.Rd1 Rxd1 26.Qxd1 h6 27.h3 Ne7 28.Nd6 Qd8 29.e5 Ne8
30.Nce4 Bxe1 31.Qxe1 Nxd6 32.Nxd6 Qd7 33.Qb4 b6 34.a5 Nd5 35.Qa4 Qc7 36.axb6 Qxb6
37.Nc4 Qf2 38.Qxc6 Nf4 39.Qc8+ Kh7 40.Qf5+ Ng6 41.Qe4 h5 42.b3 Qa2 43.b4 Qf2
44.Nd6 Qa2 45.Kh2 Qe6 46.f4 Qd7 47.f5 Nf8 48.Qb7 Qxb7 49.Nxb7 g6 50.Nd6 gxf5
51.Nxf7 Kg6 52.Nd6 f4 53.Nb5 a6 54.Nc7 Kf7 55.Nxa6 Ke6 56.Kg1 Kxe5 57.Nc5 Kd5
58.Kf2 Ng6 59.Kf3 Nh4+ 60.Kxf4 Nxg2+ 61.Kg5 Kc4  1/2-1/2

[Event "ch-SRB"]
[Site "Kragujevac SRB"]
[Date "2010.04.29"]
[Round "11"]
[White "Tadic,Br"]
[Black "Savic,Miod1"]
[Result "1-0"]
[WhiteElo "2524"]
[BlackElo "2522"]

1.Nf3 Nf6 2.c4 c6 3.d4 d5 4.Nc3 dxc4 5.a4 Bf5 6.Ne5 Nbd7 7.Nxc4 Nb6 8.Ne5 a5
9.f3 Nfd7 10.e4 Nxe5 11.dxe5 Qxd1+ 12.Kxd1 Be6 13.Kc2 f6 14.Rb1 Nd7 15.b4 Nxe5
16.bxa5 Bc8 17.a6 bxa6 18.a5 Nd7 19.Na4 e5 20.Be3 Bd6 21.Bc4 Ke7 22.Rhd1 Rb8
23.Nb6 Nxb6 24.Bxb6 f5 25.Bc5 Bxc5 26.Rxb8 fxe4 27.fxe4 Rf8 28.Kc3 Re8 29.Rf1 Kd6
30.Rf7 Bd4+ 31.Kc2 Kc5 32.Bxa6 Bd7 33.Rxe8 Bxe8 34.Re7 Bg6 35.Bd3  1-0

[Event "TOP 16 GpB"]
[Site "Mulhouse FRA"]
[Date "2010.04.30"]
[Round "5"]
[White "Laznicka,V"]
[Black "Vernay,C"]
[Result "1-0"]
[WhiteElo "2659"]
[BlackElo "2440"]

1.d4 d5 2.c4 c6 3.Nf3 Nf6 4.Nc3 dxc4 5.a4 Bf5 6.Ne5 e6 7.f3 Bb4 8.Nxc4 O-O
9.Kf2 Nbd7 10.e4 Bg6 11.Be3 a5 12.Rc1 Ne8 13.h4 h6 14.g3 Nc7 15.Be2 Be7 16.Bf4 Na6
17.Qd2 Nb4 18.Kg2 Bh7 19.Rhd1 Nb6 20.b3 Nd7 21.Bf1 Nf6 22.Be3 Re8 23.Bf2 Nd7
24.Kg1 Bf8 25.Qf4 Qe7 26.Rd2 Nf6 27.Rcd1 Nh5 28.Qe3 Nf6 29.g4 Qc7 30.Qe1 Nd7
31.Bg3 Qd8 32.Nd6 Bxd6 33.Bxd6 f5 34.gxf5 Nf6 35.Be5 exf5 36.Rg2 Qe7 37.Qg3 Rad8
38.Qf4 Kh8 39.exf5 Nh5 40.Qg4 Qf7 41.Bc4 Nd5 42.Nxd5 cxd5 43.Bd3 Rf8 44.Qxh5 Qxh5
45.Bxg7+ Kg8 46.Be5+ Kf7 47.Rg7+ Ke8 48.Bb5+ Rd7 49.Rc1 Rf7 50.Rc8+ Ke7 51.f6+  1-0

[Event "TCh-ISR"]
[Site "Israel ISR"]
[Date "2010.05.07"]
[Round "9"]
[White "Manor,I"]
[Black "Zifroni,D"]
[Result "1/2-1/2"]
[WhiteElo "2486"]
[BlackElo "2472"]

1.d4 d5 2.c4 c6 3.Nf3 Nf6 4.Nc3 dxc4 5.a4 Bf5 6.Ne5 Nbd7 7.Nxc4 Nb6 8.Ne3 Bg6
9.a5 Nbd5 10.Qb3 e6 11.Nexd5 Nxd5 12.Nxd5 Qxd5 13.Qxb7 Rd8 14.Bd2 Bc5 15.e3 O-O
16.Rc1 Rb8 17.Qa6 Bb4 18.Bxb4 Rxb4 19.Qxa7 Rxb2 20.Qc5 Qe4 21.Qe5 Qh4 22.g3 Qg4
23.Qf4 Qh5 24.Bc4 Qxa5+ 25.Kf1 c5 26.d5 Qd2 27.Kg2 exd5  1/2-1/2

[Event "KNSB Cup"]
[Site "Amersfoort NED"]
[Date "2010.05.13"]
[Round "1.1"]
[White "Wiersma,E"]
[Black "Spoelman,W"]
[Result "1-0"]
[WhiteElo "2405"]
[BlackElo "2580"]

1.d4 d5 2.c4 c6 3.Nf3 Nf6 4.Nc3 dxc4 5.a4 Bf5 6.Ne5 Nbd7 7.Nxc4 Qc7 8.g3 e5
9.dxe5 Nxe5 10.Bf4 Nfd7 11.Bg2 g5 12.Ne3 gxf4 13.Nxf5 O-O-O 14.Qc2 fxg3 15.hxg3 a5
16.O-O h5 17.Rfd1 Nc5 18.Rxd8+ Qxd8 19.Rd1 Qf6 20.e4 Kb8 21.f4 Ng4 22.e5 Qg6
23.Rd8+ Ka7 24.Ne4 Nxe4 25.Bxe4 Ne3 26.Nxe3 Qxg3+ 27.Ng2 Rg8 28.Rxf8 Qe1+
29.Kh2 Qg3+ 30.Kh1 Rxf8 31.Qc5+ Ka6 32.Qxf8 h4 33.Qa8+  1-0

[Event "ch-Commonwealth"]
[Site "Delhi IND"]
[Date "2010.05.13"]
[Round "6"]
[White "Maletin,P"]
[Black "Sriram,J"]
[Result "1/2-1/2"]
[WhiteElo "2584"]
[BlackElo "2507"]

1.c4 Nf6 2.Nf3 c6 3.d4 d5 4.Nc3 dxc4 5.a4 Bf5 6.Ne5 Na6 7.e3 Nb4 8.Bxc4 e6
9.O-O Bd6 10.Qe2 Nc2 11.Ra2 Nb4 12.Ra3 Bg6 13.Rd1 Qc7 14.Nf3 Nc2 15.Ra2 Nb4
16.Ra3 Nc2 17.Ra2 Nb4 18.Ra3 Nc2  1/2-1/2

[Event "VIII World's Youth Stars"]
[Site "Kirishi RUS"]
[Date "2010.05.14"]
[Round "6"]
[White "Shimanov,A"]
[Black "Ter Sahakyan,S"]
[Result "0-1"]
[WhiteElo "2544"]
[BlackElo "2523"]

1.d4 d5 2.c4 c6 3.Nf3 Nf6 4.Nc3 dxc4 5.a4 Bf5 6.Nh4 e6 7.Nxf5 exf5 8.e3 Bb4
9.Bxc4 O-O 10.O-O Nbd7 11.Qc2 g6 12.f3 Rc8 13.Rd1 Qe7 14.e4 c5 15.d5 fxe4
16.d6 Qe5 17.Nxe4 Nb6 18.Bh6 Nxe4 19.Bxf8 Nd2 20.Bh6 Nbxc4 21.d7 Rd8 22.b3 Ne3
23.Re1 Qxa1  0-1

[Event "4th All China Games Rapid"]
[Site "Hefei CHN"]
[Date "2010.05.17"]
[Round "2"]
[White "Xu Jun"]
[Black "Ma Qun"]
[Result "0-1"]
[WhiteElo "2485"]
[BlackElo "2319"]

1.d4 d5 2.c4 c6 3.Nf3 Nf6 4.Nc3 dxc4 5.a4 Bf5 6.Ne5 Nbd7 7.Nxc4 Qc7 8.g3 e5
9.dxe5 Nxe5 10.Bf4 Nfd7 11.Bg2 f6 12.O-O Nc5 13.Ne3 Bg6 14.b4 Ne6 15.Qb3 Bf7
16.Bxe5 fxe5 17.Qb2 Nd4 18.b5 Bc5 19.Ne4 Be7 20.Rac1 O-O 21.Nc4 Bh5 22.Rfe1 Rad8
23.h3 h6 24.Bf1 Bg6 25.Ncd2 Qa5 26.e3 Nf3+ 27.Nxf3 Rxf3 28.Bg2 Bxe4 29.Qxe5 Qb4
30.Red1 Rdf8 31.Rd4 Qb2 32.Rf1 Rxf2  0-1

[Event "4th All China Games Rapid"]
[Site "Hefei CHN"]
[Date "2010.05.18"]
[Round "3"]
[White "Ding Liren"]
[Black "Zhang Ziyang"]
[Result "1-0"]
[WhiteElo "2547"]
[BlackElo "2422"]

1.d4 Nf6 2.Nf3 d5 3.c4 c6 4.Nc3 dxc4 5.a4 Bf5 6.Ne5 Nbd7 7.Nxc4 Nb6 8.Ne5 a5
9.e3 g6 10.Bd3 Bxd3 11.Nxd3 Bg7 12.Qb3 O-O 13.O-O Nfd7 14.Ne2 e5 15.Nxe5 Nxe5
16.dxe5 Bxe5 17.e4 Nd7 18.Be3 Qc7 19.f4 Bg7 20.e5 Rfe8 21.Rad1 Bf8 22.Ng3 Nc5
23.Qc2 b6 24.Bd4 Rad8 25.f5 Bg7 26.Bxc5 bxc5 27.Rxd8 Qxd8 28.e6 fxe6 29.fxg6 Qd4+
30.Kh1 h6 31.Nh5 Rf8 32.Qe2 Rxf1+ 33.Qxf1 Qd7 34.b3 e5 35.h4 Qe7 36.Qc4+ Kf8
37.Ng3 e4 38.Nf5 Qd7 39.Qxc5+ Kg8 40.Qc4+ Kh8 41.Qxe4 Bf6 42.Qf4  1-0

[Event "4th All China Games Rapid"]
[Site "Hefei CHN"]
[Date "2010.05.18"]
[Round "4"]
[White "Zhou Jianchao"]
[Black "Shen Yang"]
[Result "1/2-1/2"]
[WhiteElo "2652"]
[BlackElo "2452"]

1.d4 d5 2.c4 c6 3.Nf3 Nf6 4.Nc3 dxc4 5.a4 Bf5 6.Ne5 Nbd7 7.Nxc4 Nb6 8.Ne5 a5
9.Bg5 h6 10.Bh4 Nbd5 11.Qb3 Qb6 12.Qxb6 Nxb6 13.f3 Bc2 14.e4 e6 15.Be2 Nfd7
16.Nxd7 Nxd7 17.Bd1 Bxd1 18.Kxd1 Be7 19.Bxe7 Kxe7 20.Kc2 e5 21.dxe5 Nxe5
22.b3 Rhd8 23.Rad1 Rxd1 24.Rxd1 Rd8 25.Rxd8 Kxd8  1/2-1/2

[Event "4th All China Games Rapid"]
[Site "Hefei CHN"]
[Date "2010.05.18"]
[Round "6"]
[White "Zhou Jianchao"]
[Black "Lin Chen"]
[Result "1-0"]
[WhiteElo "2652"]
[BlackElo "2448"]

1.d4 d5 2.c4 c6 3.Nf3 Nf6 4.Nc3 dxc4 5.a4 Bf5 6.Ne5 e6 7.f3 c5 8.e4 cxd4
9.exf5 Bb4 10.Bxc4 dxc3 11.Qxd8+ Kxd8 12.Nxf7+ Ke7 13.bxc3 Bxc3+ 14.Ke2 Kxf7
15.fxe6+ Ke7 16.Ba3+ Kd8 17.Rhd1+ Kc8 18.Rac1 Be5 19.Bb5+ Nc6 20.Bxc6 bxc6
21.Rxc6+ Kb7 22.Rc5 Bc7 23.Rb1+ Bb6 24.a5 Rac8 25.axb6 axb6 26.Rxc8 Rxc8
27.Kd2 Re8 28.Re1 Kc6 29.Kc2 Nd5 30.g3 b5 31.Kb3 g6 32.Bb4 Ra8 33.e7 Re8
34.Re6+ Kc7 35.Bc5 Kb7 36.Rd6 Nc7 37.Rd8 Kc6 38.Bd6  1-0

[Event "ch-HUN w"]
[Site "Nagykanizsa HUN"]
[Date "2010.05.18"]
[Round "5"]
[White "Toth,Li"]
[Black "Goczo,M"]
[Result "1/2-1/2"]
[WhiteElo "2175"]
[BlackElo "2234"]

1.d4 d5 2.c4 c6 3.Nc3 Nf6 4.Nf3 dxc4 5.a4 Bf5 6.e3 e6 7.Bxc4 Bb4 8.Qb3 a5
9.O-O Nbd7 10.Na2 Be7 11.Qxb7 Rb8 12.Qa6 Ra8 13.Qxc6 Rc8 14.Qb5 Rb8 15.Qa6 Ra8
16.Qb5 Rb8 17.Qa6 Ra8 18.Qb5 Rb8  1/2-1/2

[Event "4th All China Games Rapid"]
[Site "Hefei CHN"]
[Date "2010.05.19"]
[Round "8"]
[White "Zhou Jianchao"]
[Black "Ma Qun"]
[Result "1-0"]
[WhiteElo "2652"]
[BlackElo "2366"]

1.d4 d5 2.c4 c6 3.Nf3 Nf6 4.Nc3 dxc4 5.a4 Bf5 6.Ne5 Nbd7 7.Nxc4 Qc7 8.g3 e5
9.dxe5 Nxe5 10.Bf4 Nfd7 11.Bg2 f6 12.O-O Nc5 13.Ne3 Bg6 14.b4 Ne6 15.b5 Rd8
16.Qb3 Nd4 17.Qb2 Bc5 18.a5 O-O 19.a6 b6 20.bxc6 Ndxc6 21.Nb5 Qe7 22.Nd5 Qf7
23.Qa2 Bf5 24.Ndc7 Qxa2 25.Rxa2 Nb4 26.Rd2 Bc8 27.Rxd8 Rxd8 28.Bxe5 fxe5
29.Nxa7 Nxa6 30.Nxc8 Nxc7 31.Na7 Rd2 32.e3 Kf7 33.Rb1 Nd5 34.Nb5 Ke6 35.h4 h6
36.Bf3 Kf6 37.Kf1 Nb4 38.Nc3 Rd7 39.Na4 Ra7 40.Nxb6 Bxb6 41.Rxb4 Bd8 42.Rc4 Ra6
43.Be4 Rd6 44.h5 Ke6 45.Ke2 Bf6 46.Ra4 Rb6 47.f4 Rd6 48.Bh7 Rc6 49.Kf3 Rb6
50.Ke4 Rc6 51.Bg8+ Kd6 52.Ra5 Rc5 53.Ra6+ Kd7 54.Be6+ Kc7 55.Bd5 exf4 56.gxf4 Rc3
57.Re6 Rc5 58.Ra6 Rc3 59.Ra2 Kd6 60.Re2 Ra3 61.Bg8 Ra5 62.Bf7 Ke7 63.Bg6 Ke6
64.Kf3 Ra1 65.e4 Bd4 66.e5 Bc3 67.Rc2 Ra3 68.Kg4 Be1 69.Rc6+ Kd7 70.Rd6+ Ke7
71.Rb6 Ra7 72.Be4 Bd2 73.Kf5 Ra4 74.Rc6 Rb4 75.Rc7+ Kf8 76.Ke6 Rb6+ 77.Bc6 Rb8
78.Kf5 Rd8 79.Kg6 Kg8 80.Rxg7+ Kh8 81.Rh7+ Kg8 82.Bd7  1-0

[Event "Chladek & Tintera Open"]
[Site "Hradec Kralove CZE"]
[Date "2010.05.19"]
[Round "5"]
[White "Prachar,J"]
[Black "Kotva,M"]
[Result "1-0"]
[WhiteElo "1910"]
[BlackElo "2066"]

1.d4 d5 2.c4 c6 3.Nf3 Nf6 4.Nc3 dxc4 5.a4 Bf5 6.e3 e6 7.Bxc4 Be7 8.O-O O-O
9.h3 Nbd7 10.Qe2 Ne4 11.Nxe4 Bxe4 12.Rd1 Qc7 13.Bd2 Bf6 14.Rac1 Rfe8 15.Bd3 Bxd3
16.Qxd3 Rad8 17.Qc2 Nb6 18.Ba5 Rd5 19.b4 Qb8 20.Bxb6 axb6 21.Qb3 b5 22.axb5 Rxb5
23.Rc5 Rb6 24.Ne5 Rd8 25.Nc4 Ra6 26.b5 cxb5 27.Rxb5 Rd7 28.Rb1 Ra7 29.Na5 Qc7
30.Nxb7 Be7 31.Nc5 Rd8 32.Rb8 g6 33.Rxd8+ Bxd8 34.Qb8 Ra1 35.Qb2 Ra8 36.Qb7 Qa5
37.g3 Bc7 38.Qe4 Qa2 39.Kg2 Rd8 40.Rb7 Bd6 41.Qf3 f5 42.Rd7 Rxd7 43.Nxd7 Kg7
44.Qb7 Kh6 45.Nf6  1-0

[Event "Campomanes Mem WIM"]
[Site "Ankara TUR"]
[Date "2010.05.21"]
[Round "10"]
[White "Tsatsalashvili,K"]
[Black "Sop,S"]
[Result "1-0"]
[WhiteElo "2257"]
[BlackElo "1963"]

1.d4 d5 2.c4 c6 3.Nf3 Nf6 4.Nc3 dxc4 5.a4 Bf5 6.Ne5 e6 7.e3 Bb4 8.Bxc4 Qa5
9.Bd2 O-O 10.O-O Nbd7 11.Nd3 Bxc3 12.Bxc3 Qc7 13.f3 Rfe8 14.e4 Bg6 15.b4 Rad8
16.Qe2 Nd5 17.Bd2 b5 18.axb5 cxb5 19.Bxb5 Nc3 20.Bxc3 Qxc3 21.Qb2 Qc7 22.Nc5 Nxc5
23.bxc5 Re7 24.Qc3 Rb8 25.Ra5 Qd8 26.c6 Qb6 27.Kh1 Rd8 28.Qc5 Qxc5 29.dxc5 f6
30.Rfa1 Be8 31.Kg1 Rc8 32.Rxa7 Rxa7 33.Rxa7 Bxc6 34.Bc4 Re8 35.Rc7 Ba4 36.f4 Bc2
37.f5 Bxe4 38.fxe6 Kf8 39.Rf7+ Kg8 40.e7  1-0